Estudios sobre el proceso penal tributario (Registro nro. 137)
[ vista simple ]
| 000 -LEADER | |
|---|---|
| fixed length control field | 01870 a2200325 4500 |
| 001 - CONTROL NUMBER | |
| control field | 177 |
| 005 - DATE AND TIME OF LATEST TRANSACTION | |
| control field | 20260407155414.0 |
| 008 - FIXED-LENGTH DATA ELEMENTS--GENERAL INFORMATION | |
| fixed length control field | 260407a2007 arg spa d |
| 003 - CONTROL NUMBER IDENTIFIER | |
| control field | AR-UNSa-BCEJYS |
| 040 ## - CATALOGING SOURCE | |
| Original cataloging agency | AR-UNSa-BCEJYS |
| Language of cataloging | spa |
| Transcribing agency | AR-UNSa-BCEJYS |
| 080 ## - UNIVERSAL DECIMAL CLASSIFICATION NUMBER | |
| Universal Decimal Classification number | 343.359 |
| Common auxiliary subdivision | Delitos contra el fisco y otras autoridades administrativas (Derecho Penal Tributario, Delitos fiscales) |
| 020 ## - INTERNATIONAL STANDARD BOOK NUMBER | |
| International Standard Book Number | 978-987-01-0689-0 |
| 100 1# - MAIN ENTRY--PERSONAL NAME | |
| Personal name | Gómez, Teresa |
| 245 10 - TITLE STATEMENT | |
| Title | Estudios sobre el proceso penal tributario |
| Name of part/section of a work | etapas, instancias y partes. Derecho procesal nacional y comparado |
| 264 #1 - PRODUCTION, PUBLICATION, DISTRIBUTION, MANUFACTURE, AND COPYRIGHT NOTICE | |
| Place of production, publication, distribution, manufacture | Buenos Aires : |
| Name of producer, publisher, distributor, manufacturer | Errepar |
| Date of production, publication, distribution, manufacture, or copyright notice | 2007 |
| 300 ## - PHYSICAL DESCRIPTION | |
| Extent | 517 p. |
| Dimensions | 22 cm |
| 505 ## - FORMATTED CONTENTS NOTE | |
| Formatted contents note | 1. La denuncia del ilícito penal tributario y previsional 2. El fiscal en el proceso penal tributario durante la etapa de instrucción 3. Características particulares de la etapa de la instrucción en el proceso penal tributario 4. La defensa en el proceso penal tributario 5. Algunos aspectos de la intervención de la cámara nacional de apelaciones en lo penal económico en el proceso penal tributario 6. El Juicio común en el proceso penal 7. El recurso de casación en el proceso penal tributario 8. Auditoría y responsabilidad penal tributaria de las personas jurídicas y profesinales 9. La comparación de los riesgos penales relevantes en la reprimenda del delito tributario |
| 590 ## - LOCAL NOTE (RLIN) | |
| Local note | niveau_biblio:m niveau_hierar:0 |
| 700 1# - ADDED ENTRY--PERSONAL NAME | |
| Personal name | Llano, Hernán de |
| 700 1# - ADDED ENTRY--PERSONAL NAME | |
| Personal name | Díaz, Vicente O. |
| 700 1# - ADDED ENTRY--PERSONAL NAME | |
| Personal name | Grabivker, Marcos A. |
| 700 1# - ADDED ENTRY--PERSONAL NAME | |
| Personal name | Ledesma, Angela Ester |
| 700 1# - ADDED ENTRY--PERSONAL NAME | |
| Personal name | López Biscayart, Javier |
| 700 1# - ADDED ENTRY--PERSONAL NAME | |
| Personal name | Lozada, Alberto |
| 700 1# - ADDED ENTRY--PERSONAL NAME | |
| Personal name | Pirolo, Federico |
| 700 1# - ADDED ENTRY--PERSONAL NAME | |
| Personal name | Robiglio, Carolina L. |
| 700 1# - ADDED ENTRY--PERSONAL NAME | |
| Personal name | Sequeira, Marcos A. |
| 856 41 - ELECTRONIC LOCATION AND ACCESS | |
| Uniform Resource Identifier | <a href="https://biblioeco.unsa.edu.ar/pmb/images/libros/Estudio sobre el proceso penal tributario-l117460.jpg">https://biblioeco.unsa.edu.ar/pmb/images/libros/Estudio sobre el proceso penal tributario-l117460.jpg</a> |
| Link text | Imagen de portada |
| Electronic format type | image/jpeg |
| 942 ## - ADDED ENTRY ELEMENTS (KOHA) | |
| Koha item type | |
| Withdrawn status | Lost status | Damaged status | Not for loan | Home library | Current library | Shelving location | Date acquired | Total checkouts | Full call number | Barcode | Date last seen | Price effective from | Koha item type |
|---|---|---|---|---|---|---|---|---|---|---|---|---|---|
| Biblioteca Prof. Eusebio Cleto del Rey | Biblioteca Prof. Eusebio Cleto del Rey | 07/04/2026 | 343.359 G633 | L117460 | 07/04/2026 | 07/04/2026 | Libro |